Rocky Mountain Cities on a Map - Statistics

General Stats
  • This quiz has been taken 944 times
    699 since last reset
  • The average score is 8 of 10
Answers on the Map
Answers color-coded by a green-red scale on the quiz's map according to % correct below.
 
Answer Stats
State/Province City % Correct
Colorado Denver
98%
Utah Salt Lake City
97%
Idaho Boise
92%
Alberta Calgary
88%
Wyoming Cheyenne
86%
Colorado Colorado Springs
85%
Montana Helena
79%
Washington Spokane
79%
Alaska Barrow
53%
British Columbia Prince George
29%
No matching quizzes found
Score Distribution
Percent of People with Each Score
Percentile by Number Answered
Your Score History
You have not taken this quiz since the last reset